The weightless world : strategies for managing the digital economy

Saved in:
Bibliographic Details
Main Author: Coyle, Diane
Format: Book
Language:English
Published: Oxford : Capstone, 1997
Subjects:
Tags: Add Tag
No Tags, Be the first to tag this record!

MARC

LEADER 00000cam a2200000 i 4500
001 1/14898
008 001215s1997 eng d
020 |a 0-900961-11-3 
035 |l 10065177 
040 |a GR-MY-UA  |b gre  |e aacr 
041 0 |a eng 
082 0 |a 330.904 
100 1 |a Coyle, Diane. 
245 1 4 |a The weightless world :  |b strategies for managing the digital economy /  |c Diane Coyle 
260 |a Oxford :   |b Capstone,   |c 1997 
300 |a xxii,250σ. 
504 |a Includes index 
650 0 0 |a Economic history  |y 20th century. 
650 0 0 |a Electronic commerce. 
650 0 0 |a Information technology  |x Economic aspects. 
650 0 0 |a Cyberspace  |x Economic aspects. 
650 0 0 |a Unemployment. 
852 |a INST  |b CHIOS  |e 20001215  |h 330.904 COY  |p 005200016780  |q 005200016780  |t BK  |y 0 
901 |a BIBL2-2000-3 
909 |a Χ  |b 083949 
970 |a ΠΟΥΛΑΚΗ  |b ΣΤΕΛΛΑ  |z 2000/12/22